000 00693nam a2200277Ia 4500
005 20260324134545.0
008 008 260324s9999 xx 000 0 eng d
020 _a9780203717837
037 _aEBOOK
040 _aCRL
040 _beng
040 _cCRL
041 _2eng
041 _aeng
084 _qCRL
100 _aSanford Pederson; Edwin I. Megargee; Edwin Megargee
_91197271
245 0 _aMegargee's Guide to Obtaining a Psychology Internship
260 _bTaylor and Francis
260 _c2001
365 _a
365 _b290
856 _uhttp://www.taylorfrancis.com/books/9780203717837
942 _cEBOOK
999 _c1797489
_d1797489